Score 0/14 Timer 04:00
2 Plays Today
Movie (Year) Missing Word % Correct
American ____ (1999)Pie
90.2%
American ____ (1999)Beauty
77.6%
American ____ X (1998)History
68.2%
American ____ (2000)Psycho
65%
The American ____ (1995)President
49%
American ____ (2013)Hustle
41.6%
American ____ (2003)Wedding
40.4%
Movie (Year) Missing Word % Correct
American ____ (1973)Graffiti
36.1%
American ____ (1980)Gigolo
35%
American ____ (2006)Dreamz
12.3%
American ____ (2003)Splendor
10.1%
American ____ (1985)Ninja
7%
American ____ (1999)Movie
4.8%
American ____ (2001)Outlaws
3.5%

Today's Daily Dose

Missing Word
I Hardly Know Her!

Word Ladder
Sentence Ending

Quick Pick
Female Firsts

Get the Picture
Triathlon Sports

Remove Ads.
Support Sporcle.
Get the best of Sporcle when you Go Orange. This ad-free experience offers more features, more stats, and more fun while also helping to support Sporcle. Thank you for becoming a member.

You're not logged in!

Compare scores with friends on all Sporcle quizzes.
OR
Log In

Show Comments

Extras

Top Quizzes Today


Score Distribution

Your Account Isn't Verified!

In order to create a playlist on Sporcle, you need to verify the email address you used during registration. Go to your Sporcle Settings to finish the process.

Report this User

Report this user for behavior that violates our Community Guidelines.

Details: